Electric machinery fundamentals (Record no. 1110)

000 -LEADER
fixed length control field 00674nam a22002294a 4500
001 - CONTROL NUMBER
control field 1110
003 - CONTROL NUMBER IDENTIFIER
control field BD-DhUET
008 - FIXED-LENGTH DATA ELEMENTS--GENERAL INFORMATION
fixed length control field 030923s2005 nyua b 001 0 eng
020 ## - INTERNATIONAL STANDARD BOOK NUMBER
International Standard Book Number 0071151559
040 ## - CATALOGING SOURCE
Original cataloging agency DLC
Transcribing agency DLC
Modifying agency BD-DhUET
082 00 - DEWEY DECIMAL CLASSIFICATION NUMBER
Classification number 623
Item number CHA/2005
100 1# - MAIN ENTRY--PERSONAL NAME
Personal name Chapman, Stephen J.
245 10 - TITLE STATEMENT
Title Electric machinery fundamentals
250 ## - EDITION STATEMENT
Edition statement 4th ed.
260 ## - PUBLICATION, DISTRIBUTION, ETC. (IMPRINT)
Place of publication, distribution, etc. Boston
Name of publisher, distributor, etc. McGraw-Hill
Date of publication, distribution, etc. 2005
300 ## - PHYSICAL DESCRIPTION
Extent xxii, 746p.
Other physical details ill.
Dimensions 24 cm.
500 ## - GENERAL NOTE
General note Includes bibliographies
650 #0 - SUBJECT ADDED ENTRY--TOPICAL TERM
Topical term or geographic name as entry element Electric engineering
856 41 - ELECTRONIC LOCATION AND ACCESS
Uniform Resource Identifier http://www.loc.gov/catdir/toc/mh041/2003065174.html
856 42 - ELECTRONIC LOCATION AND ACCESS
Uniform Resource Identifier http://www.loc.gov/catdir/description/mh041/2003065174.html
942 ## - ADDED ENTRY ELEMENTS (KOHA)
Koha item type General Book
Holdings
Not for loan Koha out on loan Location (home branch) Damaged status Koha date last seen Koha renewals Date acquired Koha date last borrowed Withdrawn status Sublocation or collection (holding branch) Source of classification or shelving scheme Shelving location Koha normalized classification for sorting Price effective from Piece designation (barcode) Koha full call number Lost status Copy number Koha issues (times borrowed) Koha item type
  Central Library, BUET 2025-04-16 2014-08-302024-12-18 Central Library, BUET Circulation section623_000000000000000_CHA_20052014-08-30103333623/CHA/2005 115General Book
 2026-04-13Central Library, BUET 2026-03-30 2014-08-302026-03-30 Central Library, BUET Circulation section623_000000000000000_CHA_20052014-08-30103335623/CHA/2005 223General Book
 2017-02-26Central Library, BUET 2016-02-27 2014-08-302016-02-27 Central Library, BUET Circulation section623_000000000000000_CHA_20052014-08-30103336623/CHA/2005 32General Book
 2022-12-06Central Library, BUET 2022-11-2212014-08-302022-11-22 Central Library, BUET Circulation section623_000000000000000_CHA_20052014-08-30103337623/CHA/2005 411General Book
 2025-12-15Central Library, BUET 2025-12-01 2015-01-262025-12-01 Central Library, BUET Circulation section623_000000000000000_CHA_20052015-01-26103339623/CHA/2005 517General Book
  Central Library, BUET 2026-02-03 2015-12-302026-01-07 Central Library, BUET Circulation section623_000000000000000_CHA_20052015-12-30103340623/CHA/2005 625General Book